000 00570nmm a2200157Ia 4500
008 251105s9999||||xx |||||||||||||||||und||
020 _a9788416335497
041 _aspa
100 _aSanz Yagüe, Ana Isabel
245 0 _aRepresentación política y participación directa: el «policentrismo» político de Soria y la supervivencia del Común en el siglo XVIII
264 _a[Madrid, España] :
_bEdiciones Polifemo,
_c2018
300 _a304 páginas
650 _aHistory of Europe: Spain
856 _uhttps://public.digitaliapublishing.com/a/57935
942 _cCF
999 _c77542
_d77542